Cognitive modeling /

Gespeichert in:
Bibliographische Detailangaben
Weitere Verfasser: Polk, Thad A., Seifert, Colleen M.
Format: Buch
Sprache:Englisch
Veröffentlicht: Cambridge, Mass. MIT Press c2002.
Schlagworte:
Online-Zugang:Table of contents
Im OPAC anzeigen
Tags: Tag hinzufügen
Keine Tags, Fügen Sie das erste Tag hinzu!

MARC

LEADER 00000cam a2200000 a 4500
005 20260127134317.0
008 010112s2002 maua b 001 0 eng
010 |a 2001-018325 
020 |a 0262161982 (alk. paper) 
020 |a 0262661160 (pbk. : alk. paper) 
035 |a vtls008701141 
039 9 |y 200605170805  |z mschk03 
040 |a STUSCHK1  |b slo  |c STUSCHK1 
082 0 0 |a 153  |2 21 
245 0 0 |a Cognitive modeling /  |c edited by Thad A. Polk and Colleen M. Seifert. 
260 |a Cambridge, Mass.  |b MIT Press  |c c2002. 
300 |a xxi, 1270 p.  |b ill.  |c 24 cm. 
500 |a "A Bradford book." 
504 |a Includes bibliographical references and index. 
650 0 |a Cognition. 
650 0 |a Cognitive science. 
700 1 |a Polk, Thad A. 
700 1 |a Seifert, Colleen M. 
856 4 1 |3 Table of contents  |u http://www.loc.gov/catdir/toc/fy033/2001018325.html 
906 |a 7  |b cbc  |c orignew  |d 1  |e ocip  |f 20  |g y-gencatlg 
910 |a SCHK95 
919 |a 0-262-66116-6 
925 0 |a Acquire  |b 2 shelf copies  |x policy default 
999 |c 9451  |d 9451